Chansons d'Indochine - Mort Subite 2 - Statistiques

Statistiques générales
  • Ce quiz a été pris 230 fois
  • Le résultat moyen est 9 sur 17
Answers on the Grid
Answers color-coded by a green-red scale on the quiz's grid according to % correct below.
L World
Autre monde
No name
Dis-moi
2033
Un grand carnaval
Republika
Je sais pas
La sécheresse du Mékong
L'amour en solitaire
Bye Bye Valentine
Et dans 150 ans
Un singe en hiver
Vivre
Adora
Docteur love
Monte Cristo
La lettre
Ma vie est à toi
Céline
L'amour fou
Garçon
Hors-la-loi
Quand tu danses
L'amoureuse
Une maison perdue
Les années bazar
Je ne t'aimes plus
 
Statistiques - réponses
Réponse % Correct
Un singe en hiver
77%
No name
74%
2033
70%
L'amour fou
66%
La sécheresse du Mékong
64%
Republika
62%
Adora
58%
Monte Cristo
58%
L World
57%
Ma vie est à toi
57%
Bye Bye Valentine
54%
Une maison perdue
46%
Docteur love
42%
Un grand carnaval
39%
Hors-la-loi
38%
Les années bazar
38%
L'amoureuse
31%
Aucun quiz correspondant
Distribution des résultats
% des personnes avec chaque résultat
Percentile par nombre de réponses
Votre historique - résultats
Vous n’avez pas pris ce quiz